000 00532nam a22001937a 4500
005 20260529143319.0
010 _aENG-148684
020 _a9789347590856
_c550.00
035 _aEN-132216
037 _bDBAD
082 _aN
_21
100 _aMaugham, W. Somerset
_989234
245 _aOf Human Bondage/
_cW. Somerset Maugham
250 _a1
260 _aChandigarh
_bThe Browser
_c2026
270 _bChandigarh
_aSCO 14-15, Sector 8-C
_e160009
_mservice@thebrowser.org
300 _a612p.
_c20cm(pb)
942 _2ddc
_cEN
_hN
_mMAU
999 _c216399
_d216399